01390cam a22003497a 4500003000500000005001700005008004100022010001000063011001000073020001500083035001100098040000900109082001500118100003800133245013300171260006600304300002300370590004100393590004100434590004100475590004200516650002100558650003000579700003000609711013200639901000700771905001000778942001000788949008300798999001700881952014200898CHAP20220329143011.0050613d1997 us r 00110 eng d a90475 a91447 a0891185429 a102006 cCHAP04a633.2bR6300aRouquette, F. M. Jr.eed.910031310aEcology, production, and management of Lolium for forage in the USA :bproceedingc/ed. by F. M. Rouquette, Jr. and L. R. Nelson aMadison, Wisconsin :bCrop Science Society of America,c1997. a138 p. :bgráfs. aBATCH-UPDb10c20130110lUCH01h0524 aBATCH-UPDb10c20130410lUCH01h0203 aBATCH-UPDb10c20130914lUCH01h1730 aCONVERSIONb10c20130109lUCH01h135014aLólium.96761514aPastos forrajeros.9860940 aNelson, L. R.eed.9807880 aSymposium Sponsored by Divisions C-3, C-4, and C-6 of The Crop Science Society of Americad(1995 : St. Louis, Missouri)9111141 aBK aLilia cLIBRO a633.2 R63bBCcLIBROd33724000957908eLIBROgI.c/eh106096i102006sbt$322.00 c90475d90475 00102ddc4052708GRALaBCbBCcPP_GRALd2019-12-31eI.c/efLIBROl0o633.2 R63p33724000957908r2019-12-31 00:00:00w2019-12-31yLIBRO